| 000 | 00818cab a2200277 4500 | ||
|---|---|---|---|
| 001 | ABS56881 | ||
| 008 | 090401t1997 xxu||||| |||| 00| 0 eng d | ||
| 035 | _a(Sirsi) u78186 | ||
| 041 | _aeng | ||
| 245 | _aInvesting in leisure | ||
| 260 | _c1997 | ||
| 350 | _a0 | ||
| 490 |
_aEuroProperty _v6(1) May 1997, 19-27(9) |
||
| 520 | _aSurvey of the leisure market in Europe, focusing on investment potential. Covers leisure parks, leisure property rents, investment funds and the hotel market. Statistics. | ||
| 650 | _aHOTEL MARKET | ||
| 650 | _aHOTEL SALES | ||
| 650 | _aINSTITUTIONAL INVESTORS | ||
| 650 | _aINVESTMENT FUNDS | ||
| 650 | _aLEISURE MARKET | ||
| 650 | _aLEISURE PARKS | ||
| 650 | _aLONDON | ||
| 650 | _aMOSCOW | ||
| 690 | _aLEISURE AND RECREATION | ||
| 942 | _n0 | ||
| 948 | _c06/05/1997 | ||
| 999 |
_c49204 _d49204 |
||